000
00266nam a2200109Ia 4500
008
190216s9999||||xx |||||||||||||| ||und||
100
_a
Hornby As
245
2
_a
A Guide To Patterns And Usage In English
260
_b
Null
650
_a
English Etymology
942
_c
BK
999
_c
12483
_d
12483